"Amennyire régi, annyira új." Tiszatáj, a mértékadó.
Elmentve itt :
| Dokumentumtípus: | Cikk |
|---|---|
| Megjelent: |
1997-10-13
|
| Sorozat: | Délmagyarország
|
| Kulcsszavak: | Olasz Sándor |
| Online Access: | http://univ.bibl.u-szeged.hu/23713 |
| LEADER | 00453nab a2200157 i 4500 | ||
|---|---|---|---|
| 001 | univ23713 | ||
| 005 | 20171214104816.0 | ||
| 008 | 171214s1997 hu o 0|| zxx d | ||
| 040 | |a SZTE UnivHistória Repozitórium |b hun | ||
| 041 | |a zxx | ||
| 245 | 0 | 0 | |a "Amennyire régi, annyira új." Tiszatáj, a mértékadó. |h [elektronikus dokumentum] |
| 260 | |c 1997-10-13 | ||
| 300 | |a 6 | ||
| 490 | 0 | |a Délmagyarország | |
| 561 | |a Egyetemi hirarchívum | ||
| 695 | |a Olasz Sándor | ||